Word Ladder: Cold-Blooded Creatures Quiz Stats

Quiz Updated Mar 18, 2015

Challenge
Share
Tweet
Embed
Score 0/15 Timer 01:30
0 Plays Today
Clue 4-Letter Word % Correct
Sound from a dogBARK
97.8%
What a bird pecks withBEAK
96.8%
Tidy and cleanNEAT
95.6%
Clinton, who was presidentBILL
95.1%
EncounterMEET
94%
An organ for Nemo to breatheGILL
93%
Muscle tissue used for foodMEAT
92.4%
The release of a CIA secretLEAK
89.6%
Clue 4-Letter Word % Correct
Town in 'How to Train Your Dragon'BERK
89.3%
The Welsh national vegetableLEEK
87.7%
A small semiaquatic salamander• NEWT •
85.3%
Like Biblical inheritors?MEEK
83.1%
An error for a pitcher in baseballBALK
78.3%
Defraud or cheat money fromBILK
77%
___ Monster• GILA •
64.5%

Today's Daily Dose

You're not logged in!

Compare scores with friends on all Sporcle quizzes.
Sign Up with Email
OR
Log In

You Might Also Like...

Show Comments

Extras

Top Quizzes Today


Score Distribution

Your Account Isn't Verified!

In order to create a playlist on Sporcle, you need to verify the email address you used during registration. Go to your Sporcle Settings to finish the process.